|
|
|
|
| LEADER |
00000nam0a2200000 4500 |
| 001 |
242584 |
| 005 |
20231101231915.0 |
| 035 |
|
|
|a (RuTPU)RU\TPU\book\263901
|
| 090 |
|
|
|a 242584
|
| 100 |
|
|
|a 20130905d1965 km y0rusy50 ca
|
| 101 |
0 |
|
|a rus
|
| 102 |
|
|
|a RU
|
| 105 |
|
|
|a a z 001zy
|
| 200 |
1 |
|
|a Использование солнечной энергии в народном хозяйстве СССР
|f Академия наук СССР (АН СССР), Энергетический институт им. Г. М. Кржижановского ; под ред. В. А. Блума
|
| 210 |
|
|
|a Москва
|c Наука
|d 1965
|
| 215 |
|
|
|a 127 с.
|c ил.
|
| 320 |
|
|
|a Библиогр. в конце ст.
|
| 606 |
|
|
|a Солнечная энергия
|x Использование
|2 stltpush
|3 (RuTPU)RU\TPU\subj\55505
|9 73527
|
| 610 |
1 |
|
|a народное хозяйство
|
| 610 |
1 |
|
|a СССР
|
| 610 |
1 |
|
|a нагрев
|
| 610 |
1 |
|
|a термоэлектрические свойства
|
| 675 |
|
|
|a 621.47
|v 3
|
| 702 |
|
1 |
|a Блум
|b В. А.
|4 340
|
| 712 |
0 |
2 |
|a Академия наук СССР (АН СССР)
|b Энергетический институт им. Г. М. Кржижановского
|c (Москва)
|c (1930-1961)
|2 stltpush
|3 (RuTPU)RU\TPU\col\14865
|
| 801 |
|
1 |
|a RU
|b 63413507
|c 20130905
|
| 801 |
|
2 |
|a RU
|b 63413507
|c 20130906
|g RCR
|
| 942 |
|
|
|c BK
|